Boy Names Then & Now A-Z - USA - Statistics

General Stats
  • This quiz has been taken 144 times
  • The average score is 28 of 51
Answer Stats
1920 Answer % Correct
J - #1 John
90%
O - #3 Oliver
90%
W - #2 William
89%
W - #5 William
89%
F - #9 Frank
85%
G - #6 George
85%
J - #6 James
83%
M - #50 Michael
83%
B - #7 Benjamin
80%
C - #5 Charles
80%
D - #14 Daniel
79%
H - #9 Henry
79%
Z - #135 Zachary
78%
P - #14 Paul
76%
T - #11 Thomas
76%
A - #10 Alexander
75%
R - #3 Robert
75%
E - #8 Edward
74%
L - #1 Liam
74%
N - #2 Noah
70%
I - #39 Isaac
65%
Q - #440 Quinn
65%
E - #4 Elijah
64%
V - #121 Vincent
64%
H - #12 Harold
59%
X - #192 Xavier
59%
K - #23 Kenneth
57%
O - #90 Oscar
57%
D - #16 Donald
56%
R - #57 Ryan
54%
M - #11 Mason
50%
Q - #312 Quentin
48%
F - #178 Finn
47%
A - #18 Arthur
46%
N - #47 Norman
41%
C - #33 Carter
39%
S - #19 Sebastian
38%
T - #23 Theodore
38%
K - #93 Kai
34%
P - #95 Parker
34%
G - #35 Grayson
32%
U - #441 Ulysses
32%
L - #28 Louis
30%
V - #65 Vernon
24%
B - #46 Bernard
21%
S - #40 Stanley
20%
U - #462 Uriel
19%
Y - #570 Yusuf
18%
Z - #974 Zack
12%
I - #116 Irving
9%
Y - #946 Yoshio
0%
No matching quizzes found
Score Distribution
Percent of People with Each Score
Percentile by Number Answered
Your Score History
You have not taken this quiz